|
|
|
|
| LEADER |
00000nam0a2200000 4500 |
| 001 |
329709 |
| 005 |
20231102004204.0 |
| 035 |
|
|
|a (RuTPU)RU\TPU\book\355477
|
| 090 |
|
|
|a 329709
|
| 100 |
|
|
|a 20170320d1961 m y0rusy50 ca
|
| 101 |
0 |
|
|a rus
|
| 102 |
|
|
|a RU
|
| 105 |
|
|
|a a j 001zy
|
| 200 |
1 |
|
|a Стабилизация летательных аппаратов и автопилоты
|e учебное пособие
|f В. А. Боднер , М. С. Козлов
|
| 210 |
|
|
|a Москва
|c Оборонгиз
|d 1961
|
| 215 |
|
|
|a 508 с.
|c ил.
|
| 320 |
|
|
|a Библиогр.: с. 504
|
| 606 |
1 |
|
|a Летательные аппараты
|x Автоматическое управление
|x Информационно-измерительные системы
|2 stltpush
|3 (RuTPU)RU\TPU\subj\40061
|9 59936
|
| 610 |
1 |
|
|a автопилоты
|
| 610 |
1 |
|
|a стабилизация
|
| 610 |
1 |
|
|a характеристики
|
| 610 |
1 |
|
|a движение
|
| 610 |
1 |
|
|a действие
|
| 610 |
1 |
|
|a центр масс
|
| 610 |
1 |
|
|a скорость
|
| 610 |
1 |
|
|a полеты
|
| 610 |
1 |
|
|a схемы
|
| 610 |
1 |
|
|a программное автопилотирование
|
| 610 |
1 |
|
|a полуавтоматические системы
|
| 610 |
1 |
|
|a наведение на цель
|
| 610 |
1 |
|
|a взлет
|
| 610 |
1 |
|
|a посадка
|
| 610 |
1 |
|
|a учебные пособия
|
| 675 |
|
|
|a 629.73.05-52(075.8)
|v 4
|
| 700 |
|
1 |
|a Боднер
|b В. А.
|g Василий Афанасьевич
|
| 701 |
|
1 |
|a Козлов
|b М. С.
|g Михаил Степанович
|
| 702 |
|
1 |
|a Боднер
|b В. А.
|g Василий Афанасьевич
|4 340
|
| 801 |
|
1 |
|a RU
|b 63413507
|c 20170320
|
| 801 |
|
2 |
|a RU
|b 63413507
|c 20210331
|g RCR
|
| 942 |
|
|
|c BK
|